| 000 | 00813nam a2200253Ia 4500 | ||
|---|---|---|---|
| 003 | OSt | ||
| 005 | 20220926022422.0 | ||
| 006 | a|||||r|||| 00| 0 | ||
| 007 | ta | ||
| 008 | 220923b |||||||| |||| 00| 0 eng d | ||
| 037 | _cGeneral Book | ||
| 040 |
_aRTL _cRTL _beng |
||
| 041 |
_2eng _aeng |
||
| 082 | _aX9(D3).1(X).N6, K9/UN | ||
| 110 |
_aUnited Nations Industrial Development Organizations _9327781 |
||
| 245 | 0 | _aBuilding materials industry | |
| 260 |
_aNew York _bUnited Nations U. S. A. _c1969 |
||
| 300 |
_aix, 77p. _ccm. |
||
| 490 | _aMonographs on Industrial Development. 3. | ||
| 650 |
_aHousing Industry _9231829 |
||
| 700 |
_aUnited Nations Industrial Development Organizations _9327782 |
||
| 942 |
_hX9(D3).1(X).N6, K9/UN _cGB _2CC |
||
| 999 |
_c639423 _d639423 |
||